000 00404pab a2200157 454500
008 180718b2008 xxu||||| |||| 00| 0 eng d
100 _aStrom, Kaare
245 _aCommunication and the life cycle of parliamentary democracy
260 _c2008
300 _ap.537-42.
362 _aSep
650 _aPolitics and government
773 _aPolitical Research Quarterly
908 _aN
909 _a79966
999 _c79966
_d79966